[Event "50th Hastings it"]
[Site "Hastings ENG"]
[Date "1975.01.02"]
[Round "5"]
[White "Vaganian, Rafael"]
[Black "Planinc, Albin"]
[Result "0-1"]
[WhiteElo "2540"]
[BlackElo "2545"]
[EventDate "1974.12.28"]
[WhiteTitle "GM"]
[BlackTitle "GM"]
[PlyCount "44"]

1.d4 Nf6 2.c4 c5 3.Nf3 cxd4 4.Nxd4 e6 5.Nc3 Bb4 6.Nb5 O-O 7.a3 Bxc3+ 8.
Nxc3 d5 9.Bg5 h6 10.Bxf6 Qxf6 11.cxd5 exd5 12.Qxd5 Rd8 13.Qf3 Qb6 14.Rd1 
Rxd1+ 15.Nxd1 Nc6 16.Qe3 Nd4 17.Qe8+ Kh7 18.e3 Nc2+ 19.Kd2 Bf5 20.Qxa8 
Qd6+ 21.Kc1 Na1 22.Qxb7 Qc7+ 0-1

[Event "50th Hastings it"]
[Site "Hastings ENG"]
[Date "1975.01.03"]
[Round "6"]
[White "Botterill, George Steven"]
[Black "Andersson, Ulf"]
[Result "0-1"]
[WhiteElo "2410"]
[BlackElo "2580"]
[EventDate "1974.12.28"]
[BlackTitle "GM"]
[PlyCount "58"]

1.e4 c5 2.Nf3 e6 3.d4 cxd4 4.Nxd4 Nf6 5.Nc3 d6 6.Be2 Be7 7.O-O a6 8.a4 Nc6
9.Be3 Qc7 10.Nb3 b6 11.f4 Rb8 12.Qe1 O-O 13.Qg3 Bb7 14.Rad1 Nb4 15.e5 dxe5
16.fxe5 Ne4 17.Qg4 Nxc3 18.bxc3 Nd5 19.Rd3 Nxc3 20.Bf3 Nd5 21.Bxd5 Bxd5 
22.Bh6 Qxe5 23.Rg3 g6 24.Bxf8 Rxf8 25.Qd1 Rc8 26.Qd3 Qc7 27.Qe3 Bd6 28.Rg5
Qxc2 29.Rc1 Qxc1+ 0-1

[Event "50th Hastings it"]
[Site "Hastings ENG"]
[Date "1975.01.03"]
[Round "6"]
[White "Diesen, Mark"]
[Black "Stean, Michael Francis"]
[Result "1/2-1/2"]
[WhiteElo "2295"]
[BlackElo "2345"]
[EventDate "1974.12.28"]
[PlyCount "43"]

1.e4 c5 2.Nf3 d6 3.Bb5+ Bd7 4.Bxd7+ Qxd7 5.O-O Nc6 6.c3 Nf6 7.d4 Nxe4 8.d5
Ne5 9.Nxe5 dxe5 10.Re1 Nd6 11.Rxe5 g6 12.Re1 Bg7 13.Bg5 Nf5 14.Na3 O-O-O 
15.Bf4 b6 16.Nc4 Qxd5 17.Qb3 Qb7 18.a4 Rd3 19.Qb5 Rhd8 20.Bg3 Qd7 21.Qa6+ 
Qb7 22.Qb5 1/2-1/2

[Event "50th Hastings it"]
[Site "Hastings ENG"]
[Date "1975.01.03"]
[Round "6"]
[White "Gonzales, Guillermo Garcia"]
[Black "Vaganian, Rafael"]
[Result "0-1"]
[WhiteElo "2450"]
[BlackElo "2540"]
[EventDate "1974.12.28"]
[BlackTitle "GM"]
[PlyCount "84"]

1.c4 Nf6 2.Nc3 e5 3.Nf3 Nc6 4.e3 Bb4 5.d4 exd4 6.Nxd4 O-O 7.Be2 Ne4 8.Qc2 
Re8 9.O-O Nxc3 10.bxc3 Bc5 11.Rd1 Qf6 12.Nb5 Qd8 13.Ba3 Bxa3 14.Nxa3 Qe7 
15.Nb5 d6 16.Rab1 Ne5 17.h3 b6 18.Qe4 Rb8 19.Qf4 Bb7 20.Rb2 Ng6 21.Qg3 a6 
22.Nd4 Qf6 23.Bf1 Re5 24.Nf3 Rf5 25.Nd4 Rg5 26.Qh2 Re5 27.Ne2 Rbe8 28.Rd4 
Rc5 29.Nf4 Nxf4 30.Qxf4 Qxf4 31.Rxf4 Re4 32.Rxe4 Bxe4 33.f3 Bf5 34.Kf2 Be6
35.Ke1 Bxc4 36.Bxc4 Rxc4 37.Kd2 Kf8 38.Kd3 b5 39.e4 Ke7 40.Re2 Ra4 41.Rc2 
Ke6 42.Ke3 Ra3 0-1

[Event "50th Hastings it"]
[Site "Hastings ENG"]
[Date "1975.01.03"]
[Round "6"]
[White "Hort, Vlastimil"]
[Black "Csom, Istvan"]
[Result "1-0"]
[WhiteElo "2600"]
[BlackElo "2540"]
[EventDate "1974.12.28"]
[WhiteTitle "GM"]
[BlackTitle "GM"]
[PlyCount "115"]

1.e4 c5 2.Nf3 d6 3.d4 Nf6 4.Nc3 cxd4 5.Nxd4 Nc6 6.Bg5 e6 7.Qd2 a6 8.O-O-O 
h6 9.Be3 Bd7 10.f3 b5 11.Kb1 Ne5 12.Bd3 Qc7 13.Rhe1 Be7 14.Bf2 Nc4 15.Bxc4
Qxc4 16.g4 b4 17.Nce2 a5 18.h4 g6 19.Nb3 e5 20.Ng3 Be6 21.Nf1 h5 22.Ne3 
Qc8 23.g5 Nd7 24.Nd5 Bd8 25.f4 Bg4 26.Rc1 O-O 27.c3 bxc3 28.Rxc3 Qb7 29.a4
Be6 30.fxe5 Nxe5 31.Bg3 Be7 32.Rec1 Rfd8 33.Qd4 Bxd5 34.Qxd5 Qxd5 35.exd5 
Bf8 36.Bf2 Rdb8 37.Nd4 Bg7 38.Nb5 Ng4 39.R3c2 Nxf2 40.Rxf2 Rb7 41.Nxd6 Rd7
42.Nb5 Rad8 43.d6 Be5 44.Rd1 Kf8 45.Rfd2 Bg3 46.Rd4 Bf2 47.Rc4 Bg3 48.b4 
axb4 49.Rxb4 Rb8 50.Rd3 Be5 51.Rbb3 Rb6 52.Rd5 Bh2 53.Ka2 Ra6 54.Rb4 Bg3 
55.Rc4 f5 56.gxf6 Kf7 57.Rd3 Be5 58.Re4 1-0

[Event "50th Hastings it"]
[Site "Hastings ENG"]
[Date "1975.01.03"]
[Round "6"]
[White "Mestel, Andrew Jonathan"]
[Black "Miles, Anthony John"]
[Result "1/2-1/2"]
[WhiteElo "2270"]
[BlackElo "2410"]
[EventDate "1974.12.28"]
[BlackTitle "IM"]
[PlyCount "76"]

1.e4 d6 2.d4 Nf6 3.Nc3 g6 4.Bg5 Bg7 5.Qd2 h6 6.Bh4 g5 7.Bg3 Nh5 8.O-O-O 
Nd7 9.Be2 Nxg3 10.hxg3 c5 11.d5 Qa5 12.f4 Bxc3 13.Qxc3 Qxc3 14.bxc3 Nf6 
15.Re1 Kf8 16.Bd3 Kg7 17.Nf3 g4 18.Nh4 Bd7 19.c4 e5 20.dxe6 Bxe6 21.e5 
dxe5 22.fxe5 Nd7 23.Nf5+ Kf8 24.Rhf1 b6 25.Be4 Re8 26.Bc6 Rh7 27.Be4 Rh8 
28.Bc6 Rh7 29.Rd1 Rd8 30.Rd6 Bxf5 31.Rxf5 Ke7 32.Bd5 Rf8 33.Rc6 Kd8 34.Kd2
Re8 35.Rd6 Kc7 36.Rc6+ Kd8 37.Rd6 Kc7 38.Rc6+ Kd8 1/2-1/2

[Event "50th Hastings it"]
[Site "Hastings ENG"]
[Date "1975.01.03"]
[Round "6"]
[White "Planinc, Albin"]
[Black "Beliavsky, Alexander"]
[Result "1-0"]
[WhiteElo "2545"]
[BlackElo "2460"]
[EventDate "1974.12.28"]
[WhiteTitle "GM"]
[BlackTitle "IM"]
[PlyCount "69"]

1.e4 c5 2.Nf3 e6 3.d4 cxd4 4.Nxd4 Nc6 5.Nc3 d6 6.Be3 Nf6 7.Bc4 Be7 8.Qe2 
a6 9.O-O-O Qc7 10.Bb3 Na5 11.g4 b5 12.g5 Nxb3+ 13.axb3 Nd7 14.h4 b4 15.Na4
Nc5 16.Kb1 Bd7 17.h5 Bxa4 18.bxa4 Nxa4 19.g6 Bf6 20.gxf7+ Kxf7 21.h6 g6 
22.Qf3 Rhf8 23.e5 dxe5 24.Nxe6 Kxe6 25.Qg4+ Ke7 26.Qxb4+ Kf7 27.Qb3+ Ke7 
28.Qxa4 Rfc8 29.Rd5 Qc6 30.Bc5+ Ke8 31.Qe4 Qc7 32.Rhd1 Rab8 33.Bd6 Qb7 34.
Qa4+ Kf7 35.Qa2 1-0

[Event "50th Hastings it"]
[Site "Hastings ENG"]
[Date "1975.01.04"]
[Round "7"]
[White "Csom, Istvan"]
[Black "Mestel, Andrew Jonathan"]
[Result "1/2-1/2"]
[WhiteElo "2540"]
[BlackElo "2270"]
[EventDate "1974.12.28"]
[WhiteTitle "GM"]
[PlyCount "100"]

1.Nf3 Nf6 2.c4 c5 3.Nc3 g6 4.g3 b6 5.Bg2 Bb7 6.d3 Bg7 7.Bd2 O-O 8.a3 d5 9.
cxd5 Nxd5 10.O-O Nc6 11.Qa4 Nd4 12.Nxd4 Nxc3 13.bxc3 Bxg2 14.Ne6 Qd6 15.
Nxf8 Bxf1 16.Rxf1 Kxf8 17.Qc4 Rd8 18.Rb1 Qd5 19.Qxd5 Rxd5 20.c4 Rd6 21.Rb3
Re6 22.Kf1 Ke8 23.a4 Kd7 24.g4 Be5 25.h3 h5 26.Rb1 hxg4 27.hxg4 Kc6 28.Kg2
Bc7 29.Re1 Kb7 30.f4 Rd6 31.Rh1 e6 32.Kf3 Kc6 33.Bc3 Rd7 34.g5 a6 35.Rb1 
Rd8 36.Ke4 Bd6 37.Be5 Be7 38.Rh1 Rd7 39.Rh8 Kb7 40.e3 Kc6 41.Rc8+ Kb7 42.
Rb8+ Kc6 43.d4 cxd4 44.exd4 Bd8 45.Kd3 Be7 46.Ke4 Bd8 47.d5+ exd5+ 48.
cxd5+ Rxd5 49.Rc8+ Kb7 50.Rb8+ Kc6 1/2-1/2

[Event "50th Hastings it"]
[Site "Hastings ENG"]
[Date "1975.01.04"]
[Round "7"]
[White "Stean, Michael Francis"]
[Black "Planinc, Albin"]
[Result "1/2-1/2"]
[WhiteElo "2345"]
[BlackElo "2545"]
[EventDate "1974.12.28"]
[BlackTitle "GM"]
[PlyCount "104"]

1.e4 e5 2.Nf3 Nc6 3.Bb5 a6 4.Bxc6 dxc6 5.O-O Bd6 6.d4 exd4 7.Qxd4 f6 8.Re1
Ne7 9.e5 fxe5 10.Nxe5 O-O 11.Bg5 Be6 12.Nc3 Nf5 13.Qg4 Qe8 14.Qe4 Qh5 15.
Bf4 Nh6 16.Ng6 Qxg6 17.Qxg6 hxg6 18.Bxd6 cxd6 19.Rxe6 d5 20.Rxg6 Rae8 21.
f3 Nf5 22.Kf2 Ne3 23.Rc1 d4 24.Na4 Re5 25.b3 Rfe8 26.Nb2 Nd5 27.Nd3 Re2+ 
28.Kg3 Ne3 29.Nf4 Rd2 30.h4 Nxc2 31.Rd6 Ne3 32.Rd7 Re7 33.Rd8+ Kf7 34.Rc5 
Rxa2 35.Rxd4 g6 36.Rd8 Nf5+ 37.Kh3 Re1 38.h5 Kf6 39.Rf8+ Kg7 40.Nxg6 Rh1+ 
41.Kg4 Rxg2+ 42.Kf4 Nd4 43.Re8 Rh3 44.Ne5 Rxh5 45.Rc4 Nxb3 46.Rb8 Kf6 47.
Ng4+ Ke6 48.Re4+ Kd6 49.Rxb7 Nd2 50.Rd4+ Kc5 51.Ra4 Rh8 52.Ra5+ Kd6 
1/2-1/2

[Event "50th Hastings it"]
[Site "Hastings ENG"]
[Date "1975.01.04"]
[Round "7"]
[White "Vaganian, Rafael"]
[Black "Botterill, George Steven"]
[Result "1-0"]
[WhiteElo "2540"]
[BlackElo "2410"]
[EventDate "1974.12.28"]
[WhiteTitle "GM"]
[PlyCount "33"]

1.d4 Nf6 2.Bg5 g6 3.Bxf6 exf6 4.e3 Bg7 5.Ne2 b6 6.Nf4 d5 7.h4 h5 8.c4 dxc4
9.Bxc4 Bb7 10.Nc3 Bh6 11.Bxf7+ Kxf7 12.Qb3+ Ke8 13.Nxg6 Qd7 14.Nxh8 Qg7 
15.Qe6+ Kf8 16.Nd5 Nd7 17.Ne7 1-0

[Event "50th Hastings it"]
[Site "Hastings ENG"]
[Date "1975.01.05"]
[Round "8"]
[White "Benko, Pal"]
[Black "Vaganian, Rafael"]
[Result "0-1"]
[WhiteElo "2510"]
[BlackElo "2540"]
[EventDate "1974.12.28"]
[WhiteTitle "GM"]
[BlackTitle "GM"]
[PlyCount "110"]

1.c4 Nf6 2.Nf3 c5 3.Nc3 e6 4.g3 Nc6 5.Bg2 d5 6.cxd5 Nxd5 7.O-O Be7 8.Nxd5 
exd5 9.d4 O-O 10.dxc5 Bxc5 11.Ng5 Bd4 12.Qb3 h6 13.Nf3 Bb6 14.Rd1 Be6 15.
e3 Rc8 16.Qa4 Qf6 17.Qf4 Qxf4 18.gxf4 Rfd8 19.Bd2 d4 20.Nxd4 Nxd4 21.exd4 
Bg4 22.Rdc1 Bxd4 23.Rxc8 Rxc8 24.Be3 Bxe3 25.fxe3 b6 26.h3 Be6 27.Rd1 Bxa2
28.Ra1 Be6 29.Rxa7 Rc1+ 30.Kh2 Rc2 31.Kg3 Rxb2 32.Ra8+ Kh7 33.Rb8 b5 34.h4
g6 35.Bf3 h5 36.e4 Rb3 37.Kf2 Kh6 38.Rb6 Kg7 39.f5 gxf5 40.exf5 Bxf5 41.
Bxh5 b4 42.Bf3 Be6 43.h5 Rb2+ 44.Kg3 b3 45.h6+ Kxh6 46.Bd5 Kg5 47.Bxe6 
fxe6 48.Rxe6 Kf5 $1 49.Re1 $1 Rd2 $1 50.Kf3 Rd3+ $1 51.Ke2 Ke4 $1 52.Rh1 
Kd4 $1 53.Rh8 Rc3 $1 54.Rh4+ Kc5 $1 55.Kd2 Rc4 {time} 0-1

[Event "50th Hastings it"]
[Site "Hastings ENG"]
[Date "1975.01.05"]
[Round "8"]
[White "Botterill, George Steven"]
[Black "Beliavsky, Alexander"]
[Result "1/2-1/2"]
[WhiteElo "2410"]
[BlackElo "2460"]
[EventDate "1974.12.28"]
[BlackTitle "IM"]
[PlyCount "93"]

1.d4 Nf6 2.c4 e6 3.Nc3 Bb4 4.e3 c5 5.Nf3 Nc6 6.Bd3 Bxc3+ 7.bxc3 d6 8.e4 e5
9.d5 Ne7 10.Nh4 h6 11.f4 Ng6 12.Nxg6 fxg6 13.O-O O-O 14.f5 b5 15.cxb5 c4 
16.Bxc4 Qb6+ 17.Kh1 Nxe4 18.Qe1 gxf5 19.a4 Bd7 20.Be3 Qc7 21.Bd3 Nc5 22.
Qb1 f4 23.Bxc5 Qxc5 24.Qb4 Rac8 25.Qxc5 Rxc5 26.c4 e4 27.Bxe4 Rxc4 28.Bf3 
Rfc8 29.h3 Kf7 30.Rfb1 Bf5 31.Rb2 Rc1+ 32.Rxc1 Rxc1+ 33.Kh2 Ra1 34.Rb4 g5 
35.Rc4 Bd3 36.Rc7+ Kg6 37.Rxa7 Bxb5 38.Be4+ Kf6 39.Rh7 Rxa4 40.Rxh6+ Kg7 
41.Rg6+ Kf7 42.Re6 Rd4 43.Bf3 Bd3 44.Rxd6 Be4 45.Bxe4 Rxe4 46.Ra6 Rd4 47.
Ra5 1/2-1/2

[Event "50th Hastings it"]
[Site "Hastings ENG"]
[Date "1975.01.05"]
[Round "8"]
[White "Csom, Istvan"]
[Black "Basman, Michael John"]
[Result "1-0"]
[WhiteElo "2540"]
[BlackElo "2400"]
[EventDate "1974.12.28"]
[WhiteTitle "GM"]
[PlyCount "49"]

1.Nf3 b6 2.g3 Bb7 3.Bg2 e6 4.c4 Ne7 5.Nc3 d5 6.d4 Nbc6 7.O-O Qd7 8.Qa4 
O-O-O 9.Rd1 h6 10.b4 dxc4 11.b5 Nb8 12.Ne5 Qe8 13.e4 f5 14.Qxc4 Ng6 15.
Nxg6 Qxg6 16.Bf4 Bd6 17.e5 Be7 18.a4 Bxg2 19.Kxg2 Bg5 20.Ne2 Rhe8 21.a5 
Qf7 22.axb6 axb6 23.Ra7 Rd7 24.Ra8 Bxf4 25.Qc6 1-0

[Event "50th Hastings it"]
[Site "Hastings ENG"]
[Date "1975.01.05"]
[Round "8"]
[White "Gonzales, Guillermo Garcia"]
[Black "Stean, Michael Francis"]
[Result "1/2-1/2"]
[WhiteElo "2450"]
[BlackElo "2345"]
[EventDate "1974.12.28"]
[PlyCount "24"]

1.Nf3 g6 2.c4 Bg7 3.Nc3 c5 4.g3 Nc6 5.Bg2 e5 6.a3 Nge7 7.O-O O-O 8.Rb1 a5 
9.Ne1 d6 10.Nc2 Be6 11.Ne3 Rb8 12.d3 Nd4 1/2-1/2

[Event "50th Hastings it"]
[Site "Hastings ENG"]
[Date "1975.01.05"]
[Round "8"]
[White "Hort, Vlastimil"]
[Black "Hartston, William Roland"]
[Result "1-0"]
[WhiteElo "2600"]
[BlackElo "2480"]
[EventDate "1974.12.28"]
[WhiteTitle "GM"]
[BlackTitle "IM"]
[PlyCount "67"]

1.e4 c5 2.Nf3 e6 3.c3 d5 4.exd5 Qxd5 5.d4 Nf6 6.Bd3 Be7 7.c4 Qd8 8.dxc5 
Na6 9.O-O Nxc5 10.Bc2 O-O 11.Qe2 Qc7 12.Nc3 a6 13.b4 Ncd7 14.a3 b6 15.Bb2 
Bb7 16.Ne4 Rac8 17.Rac1 Nxe4 18.Bxe4 Bf6 19.Bxb7 Qxb7 20.Bxf6 Nxf6 21.Rfd1
Rfd8 22.Ne5 Nd7 23.Nd3 e5 24.Nxe5 Re8 25.Qf3 Qxf3 26.Nxf3 Ne5 27.Nxe5 Rxe5
28.Rd6 h6 29.Kf1 b5 30.c5 a5 31.Rb6 axb4 32.axb4 Ra8 33.c6 Rc8 34.c7 1-0

[Event "50th Hastings it"]
[Site "Hastings ENG"]
[Date "1975.01.05"]
[Round "8"]
[White "Mestel, Andrew Jonathan"]
[Black "Diesen, Mark"]
[Result "1/2-1/2"]
[WhiteElo "2270"]
[BlackElo "2295"]
[EventDate "1974.12.28"]
[PlyCount "42"]

1.e4 e6 2.d4 d5 3.Nd2 c5 4.Ngf3 Nc6 5.exd5 exd5 6.Bb5 Bd6 7.dxc5 Bxc5 8.
O-O Ne7 9.Nb3 Bd6 10.Bxc6+ bxc6 11.Qd4 O-O 12.Bf4 Nf5 13.Qd2 Rb8 14.c3 a5 
15.Nfd4 Qc7 16.Bxd6 Nxd6 17.Nxa5 Ne4 18.Qd1 Ba6 19.Naxc6 Rxb2 20.Qc1 Rb6 
21.Nb4 Qxc3 1/2-1/2

[Event "50th Hastings it"]
[Site "Hastings ENG"]
[Date "1975.01.07"]
[Round "9"]
[White "Basman, Michael John"]
[Black "Mestel, Andrew Jonathan"]
[Result "1-0"]
[WhiteElo "2400"]
[BlackElo "2270"]
[EventDate "1974.12.28"]
[PlyCount "61"]

1.e4 d6 2.f4 g6 3.Nc3 Bg7 4.Be2 Nc6 5.Nf3 Bg4 6.d3 e6 7.Be3 Bxf3 8.Bxf3 
Nd4 9.O-O Ne7 10.g3 Rb8 11.Bg2 b5 12.Qd2 c5 13.Nd1 O-O 14.c3 Ndc6 15.f5 
Nc8 16.Bh6 f6 17.fxe6 Qe7 18.Bxg7 Kxg7 19.d4 Na5 20.Bh3 Nb6 21.Nf2 Nbc4 
22.Qe2 b4 23.Rab1 Rb6 24.cxb4 Rxb4 25.Nd3 Rb7 26.Nf4 cxd4 27.Nd5 Qe8 28.b4
d3 29.Qxd3 Ne5 30.Qa6 Qb8 31.Qxa5 1-0

[Event "50th Hastings it"]
[Site "Hastings ENG"]
[Date "1975.01.07"]
[Round "9"]
[White "Diesen, Mark"]
[Black "Planinc, Albin"]
[Result "1/2-1/2"]
[WhiteElo "2295"]
[BlackElo "2545"]
[EventDate "1974.12.28"]
[BlackTitle "GM"]
[PlyCount "83"]

1.e4 g6 2.d4 Bg7 3.Nf3 d6 4.Nc3 Nf6 5.Be2 O-O 6.O-O c6 7.h3 Nbd7 8.a4 e5 
9.dxe5 dxe5 10.b3 Nc5 11.Ba3 Nfxe4 12.Nxe4 Nxe4 13.Bxf8 Qxf8 14.Bd3 Nc3 
15.Qe1 e4 16.Bxe4 Nxe4 17.Qxe4 Bf5 18.Qc4 Bxa1 19.Rxa1 Re8 20.Re1 Rxe1+ 
21.Nxe1 Qe7 22.Kf1 Qd6 23.Nd3 c5 24.Ke2 b6 25.Kd2 Kf8 26.Qa6 Qc7 27.Qc4 
Qd6 28.Qa6 Qe7 29.g4 Be4 30.a5 Qc7 31.axb6 axb6 32.Qc4 Qe7 33.f4 f6 34.Kc3
Bc6 35.f5 g5 36.Qa6 Qc7 37.Qa1 Kg7 38.Qe1 Qa7 39.Qe3 Bd5 40.h4 h6 41.hxg5 
hxg5 42.Qg3 1/2-1/2

[Event "50th Hastings it"]
[Site "Hastings ENG"]
[Date "1975.01.07"]
[Round "9"]
[White "Hartston, William Roland"]
[Black "Csom, Istvan"]
[Result "1/2-1/2"]
[WhiteElo "2480"]
[BlackElo "2540"]
[EventDate "1974.12.28"]
[WhiteTitle "IM"]
[BlackTitle "GM"]
[PlyCount "56"]

1.e4 c5 2.Nf3 d6 3.d4 Nf6 4.Nc3 cxd4 5.Nxd4 Nc6 6.Bc4 Qb6 7.Nb3 e6 8.Be3 
Qc7 9.f4 a6 10.Bd3 Be7 11.Qf3 b5 12.O-O b4 13.Nb1 Rb8 14.N1d2 a5 15.Nd4 
Nxd4 16.Bxd4 e5 17.fxe5 dxe5 18.Qg3 Bc5 19.Bxc5 Qxc5+ 20.Kh1 Ng4 21.h3 h5 
22.Bc4 f6 23.Bd5 Ba6 24.Rf5 Qe3 25.Nf3 g5 26.Rxf6 Nf2+ 27.Kh2 Ng4+ 28.Kh1 
Nf2+ 1/2-1/2

[Event "50th Hastings it"]
[Site "Hastings ENG"]
[Date "1975.01.07"]
[Round "9"]
[White "Miles, Anthony John"]
[Black "Gonzales, Guillermo Garcia"]
[Result "0-1"]
[WhiteElo "2410"]
[BlackElo "2450"]
[EventDate "1974.12.28"]
[WhiteTitle "IM"]
[PlyCount "162"]

1.Nf3 Nf6 2.g3 d5 3.Bg2 g6 4.c4 c6 5.b3 Bg7 6.Bb2 Qb6 7.Qc2 Na6 8.O-O O-O 
9.d3 Rd8 10.Nbd2 Bg4 11.h3 Bxf3 12.Bxf3 Nb4 13.Qc1 c5 14.cxd5 Nfxd5 15.
Bxg7 Kxg7 16.Qc4 Nf6 17.Rfc1 Rac8 18.a3 Rd4 19.Qxd4 cxd4 20.Rxc8 Nbd5 21.
Rc4 h5 22.h4 Qd6 23.Bxd5 Qxd5 24.Nf3 b5 25.Rxd4 Qxb3 26.Rb4 Qc3 27.Rab1 a6
28.R4b3 Qc5 29.Kf1 Nd5 30.d4 Qc4 31.Rd3 Qc2 32.Rbb3 f6 33.Ne1 Qa2 34.e4 
Nb6 35.Kg2 Nc4 36.e5 fxe5 37.dxe5 Nxe5 38.Re3 Ng4 39.Rf3 Nxf2 40.Rbc3 Nd3+
41.Kf1 Ne5 42.Rf2 Qd5 43.Re3 a5 44.Rf4 Qd6 45.Rb3 Nc4 46.Rxb5 Ne3+ 47.Ke2 
Qd1+ 48.Kxe3 Qxe1+ 49.Kd4 Qxg3 50.Re4 Qxa3 51.Rc5 Kf7 52.Rc4 a4 53.Re2 Qb3
54.Kc5 a3 55.Rcc2 Qa4 56.Rh2 e5 57.Ra2 Ke6 58.Rhg2 Qxh4 59.Rxg6+ Kf5 60.
Rgg2 Qa4 61.Raf2+ Ke4 62.Rh2 Ke3 63.Ra2 e4 64.Rh3+ Kf4 65.Rhxa3 Qd7 66.
Rf2+ Ke5 67.Raa2 e3 68.Rh2 Kf4 69.Kc4 Kf3 70.Rag2 h4 71.Kc3 h3 72.Rc2 Qg7+
73.Kd3 Qg6+ 74.Kc3 Qc6+ 75.Kd3 Qa6+ 76.Kd4 Qf1 77.Rc3 Kg3 78.Rcc2 Qf2 79.
Rcxf2 exf2 80.Rh1 Kg2 81.Ke3 f1=Q {(twice adjourned)} 0-1

[Event "50th Hastings it"]
[Site "Hastings ENG"]
[Date "1975.01.07"]
[Round "9"]
[White "Stean, Michael Francis"]
[Black "Botterill, George Steven"]
[Result "1/2-1/2"]
[WhiteElo "2345"]
[BlackElo "2410"]
[EventDate "1974.12.28"]
[PlyCount "41"]

1.e4 d6 2.d4 g6 3.Nc3 Bg7 4.f4 Nf6 5.Nf3 O-O 6.Bd3 Nc6 7.e5 dxe5 8.dxe5 
Nd7 9.Bd2 Nb6 10.O-O Nb4 11.Be2 Bf5 12.a3 N4d5 13.Nxd5 Qxd5 14.Bb4 c5 15.
Ba5 Qc6 16.c4 Rfd8 17.Qe1 Rd7 18.Qh4 Rad8 19.Rae1 h6 20.Qg3 e6 21.h4 
1/2-1/2

[Event "50th Hastings it"]
[Site "Hastings ENG"]
[Date "1975.01.08"]
[Round "10"]
[White "Basman, Michael John"]
[Black "Hartston, William Roland"]
[Result "0-1"]
[WhiteElo "2400"]
[BlackElo "2480"]
[EventDate "1974.12.28"]
[BlackTitle "IM"]
[PlyCount "52"]

1.e4 g6 2.Nc3 Bg7 3.f4 c5 4.b3 d6 5.Bb2 Nf6 6.Bb5+ Nc6 7.Bxc6+ bxc6 8.Qe2 
O-O 9.Nf3 Qa5 10.O-O-O Ba6 11.Qe1 c4 12.Kb1 cxb3 13.axb3 Rab8 14.d3 Nd7 
15.Nd5 Qd8 16.Bxg7 Kxg7 17.Qc3+ Kg8 18.Qxc6 Bb7 19.Qc4 Bxd5 20.Qxd5 Qc7 
21.f5 Rb4 22.fxg6 hxg6 23.h4 Rc8 24.Rc1 Qc3 25.Ng5 e6 26.Qxd6 Rcb8 0-1

[Event "50th Hastings it"]
[Site "Hastings ENG"]
[Date "1975.01.08"]
[Round "10"]
[White "Benko, Pal"]
[Black "Stean, Michael Francis"]
[Result "1/2-1/2"]
[WhiteElo "2510"]
[BlackElo "2345"]
[EventDate "1974.12.28"]
[WhiteTitle "GM"]
[PlyCount "48"]

1.Nf3 g6 2.g3 Bg7 3.Bg2 c5 4.d4 cxd4 5.Nxd4 Nc6 6.Nb3 d6 7.Nc3 Bxc3+ 8.
bxc3 Nf6 9.c4 Be6 10.c5 dxc5 11.Bxc6+ bxc6 12.Qxd8+ Rxd8 13.Nxc5 Bd5 14.f3
Nd7 15.Be3 f6 16.Nd3 Kf7 17.Kf2 Rb8 18.Bxa7 Ra8 19.Be3 Bxa2 20.Nb4 Bd5 21.
Rxa8 Rxa8 22.Rd1 Ke6 23.Bc1 Ra4 24.Nd3 Kf7 1/2-1/2

[Event "50th Hastings it"]
[Site "Hastings ENG"]
[Date "1975.01.08"]
[Round "10"]
[White "Botterill, George Steven"]
[Black "Miles, Anthony John"]
[Result "0-1"]
[WhiteElo "2410"]
[BlackElo "2410"]
[EventDate "1974.12.28"]
[BlackTitle "IM"]
[PlyCount "70"]

1.e4 c5 2.Nf3 Nc6 3.Bb5 d6 4.O-O Bd7 5.c3 a6 6.Ba4 c4 7.Bc2 Rc8 8.Re1 g6 
9.Qe2 Bg7 10.h3 Ne5 11.Nxe5 Bxe5 12.d4 cxd3 13.Bxd3 Bg7 14.Be3 Nf6 15.a4 
O-O 16.a5 Be6 17.f4 Bd7 18.Nd2 e5 19.Nc4 Qe7 20.Nb6 Rc7 21.Qf2 exf4 22.
Bxf4 Be6 23.Qh4 Ne8 24.Qg3 Rc5 25.Bc2 Be5 26.Bxe5 Rxe5 27.Nd5 Qd8 28.Qd3 
Ng7 29.b4 f5 30.Nf4 fxe4 31.Nxe6 exd3 32.Nxd8 Rxe1+ 33.Rxe1 dxc2 34.Nxb7 
Nf5 35.Kf2 Nd4+ {time} 0-1

[Event "50th Hastings it"]
[Site "Hastings ENG"]
[Date "1975.01.08"]
[Round "10"]
[White "Csom, Istvan"]
[Black "Andersson, Ulf"]
[Result "1/2-1/2"]
[WhiteElo "2540"]
[BlackElo "2580"]
[EventDate "1974.12.28"]
[WhiteTitle "GM"]
[BlackTitle "GM"]
[PlyCount "99"]

1.e4 c5 2.c3 e6 3.Nf3 d5 4.exd5 Qxd5 5.d4 Nf6 6.Bd3 Be7 7.O-O O-O 8.Qe2 b6
9.c4 Qd6 10.Rd1 cxd4 11.Nxd4 Bb7 12.Nc3 a6 13.Be3 Nbd7 14.Rac1 Rac8 15.b3 
Qb8 16.h3 Ne5 17.Qb2 Rfd8 18.Be2 Ng6 19.Bf1 Qe5 20.Nde2 b5 21.Bd4 Qb8 22.
cxb5 axb5 23.Nxb5 Bxg2 24.Bxg2 Qxb5 25.a4 Qa5 26.Bc3 Qa6 27.Rxd8+ Rxd8 28.
Bxf6 Bxf6 29.Qc2 Qa5 30.Rd1 Rb8 31.Rd3 Ne5 32.Rd1 g6 33.Ng3 Qb4 34.Ne4 Bg7
35.Rb1 h6 36.Qd2 Qa3 37.Qd6 Rxb3 38.Rxb3 Qxb3 39.a5 Qa2 40.a6 Kh7 41.Bf1 
Nf3+ 42.Kg2 Nh4+ 43.Kg1 Nf3+ 44.Kg2 Ne1+ 45.Kg1 Qa1 46.Qc7 Nf3+ 47.Kg2 
Nh4+ 48.Kg1 Nf3+ 49.Kg2 Nh4+ 50.Kg1 1/2-1/2

[Event "50th Hastings it"]
[Site "Hastings ENG"]
[Date "1975.01.08"]
[Round "10"]
[White "Gonzales, Guillermo Garcia"]
[Black "Diesen, Mark"]
[Result "1-0"]
[WhiteElo "2450"]
[BlackElo "2295"]
[EventDate "1974.12.28"]
[PlyCount "87"]

1.d4 Nf6 2.c4 c5 3.Nf3 g6 4.g3 Bg7 5.Bg2 O-O 6.O-O cxd4 7.Nxd4 Nc6 8.Nc2 
d6 9.Nc3 Nd7 10.Bd2 a6 11.Rc1 Rb8 12.Ne3 Nc5 13.b3 Bd7 14.Ne4 Nxe4 15.Bxe4
Ne5 16.Bc3 b5 17.f4 Qb6 18.c5 Qxc5 19.Qd2 Ng4 20.Bxg7 Qxe3+ 21.Qxe3 Nxe3 
22.Bxf8 Nxf1 23.Bxe7 Re8 24.Kxf1 Rxe7 25.Bf3 b4 26.Rd1 Re6 27.Kf2 Rf6 28.
Rd4 a5 29.Rd5 a4 30.bxa4 Bxa4 31.Rd4 Rf5 32.Rxb4 Ra5 33.Rb8+ Kg7 34.Ra8 
Rxa8 35.Bxa8 Kf6 36.e4 g5 37.Ke3 h5 38.h4 gxh4 39.gxh4 Ke6 40.Bd5+ Ke7 41.
Kd4 Bd7 42.Bb3 f6 43.a4 f5 44.e5 1-0

[Event "50th Hastings it"]
[Site "Hastings ENG"]
[Date "1975.01.08"]
[Round "10"]
[White "Hort, Vlastimil"]
[Black "Vaganian, Rafael"]
[Result "1/2-1/2"]
[WhiteElo "2600"]
[BlackElo "2540"]
[EventDate "1974.12.28"]
[WhiteTitle "GM"]
[BlackTitle "GM"]
[PlyCount "25"]

1.d4 d5 2.c4 c6 3.cxd5 cxd5 4.Nc3 Nc6 5.Nf3 Nf6 6.Bf4 Bf5 7.e3 e6 8.Bd3 
Bxd3 9.Qxd3 Bd6 10.Bxd6 Qxd6 11.Rc1 O-O 12.h3 Rfc8 13.O-O 1/2-1/2

[Event "50th Hastings it"]
[Site "Hastings ENG"]
[Date "1975.01.08"]
[Round "10"]
[White "Mestel, Andrew Jonathan"]
[Black "Planinc, Albin"]
[Result "0-1"]
[WhiteElo "2270"]
[BlackElo "2545"]
[EventDate "1974.12.28"]
[BlackTitle "GM"]
[PlyCount "152"]

1.e4 e5 2.Nf3 Nc6 3.Bc4 Nf6 4.O-O Nxe4 5.Qe2 d5 6.Bb5 Bd6 7.d3 Nf6 8.Nxe5 
O-O 9.Bxc6 bxc6 10.Nxc6 Qd7 11.Nd4 c5 12.Nf3 Re8 13.Qd1 Qg4 14.Bg5 Nh5 15.
Re1 Bd7 16.h3 Qf5 17.Nc3 Qg6 18.Kh1 Bxh3 19.gxh3 Qf5 20.Kg2 h6 21.Bd2 Bf4 
22.Rh1 Re6 23.Bxf4 Nxf4+ 24.Kf1 Rae8 25.Ng1 Rf6 26.Qg4 Qe5 27.Nge2 h5 28.
Qg3 h4 29.Qg4 Qb8 30.Rg1 Ng6 31.Nxd5 Rd6 32.Ndc3 Qxb2 33.Rc1 Rd4 34.Qf5 
Re5 35.Qc8+ Kh7 36.Nd1 Qa3 37.Ne3 Rf4 38.Re1 Rxe3 39.Rxg6 Rxe2 40.Rxe2 
fxg6 41.Qc7 Qc1+ 42.Kg2 Rf5 43.Re4 Qg5+ 44.Rg4 Qf6 45.f3 g5 46.Qb7 Qc3 47.
Qe4 Qxc2+ 48.Kh1 Qd1+ 49.Kg2 Qc2+ 50.Kh1 Qc1+ 51.Kg2 Qb2+ 52.Kh1 Qa1+ 53.
Rg1 Qe5 54.Rc1 Kg6 55.Qxe5 Rxe5 56.Kg2 Re2+ 57.Kg1 Re3 58.Kf2 Rxd3 59.Rxc5
Rd2+ 60.Ke3 Rxa2 61.Rc6+ Kh5 62.Rc5 Rh2 63.Rc7 Kh6 64.Rxa7 Rxh3 65.Ke4 Rg3
66.Ra8 h3 67.Rh8+ Kg6 68.Ke3 g4 69.Kf4 Rxf3+ 70.Kxg4 Ra3 71.Kf4 Ra4+ 72.
Kg3 Ra3+ 73.Kg4 Ra5 74.Rb8 h2 75.Rb6+ Kh7 76.Rb1 Kh6 0-1

[Event "50th Hastings it"]
[Site "Hastings ENG"]
[Date "1975.01.09"]
[Round "11"]
[White "Andersson, Ulf"]
[Black "Basman, Michael John"]
[Result "0-1"]
[WhiteElo "2580"]
[BlackElo "2400"]
[EventDate "1974.12.28"]
[WhiteTitle "GM"]
[PlyCount "106"]

1.Nf3 b6 2.g3 Bb7 3.Bg2 e6 4.O-O d5 5.c4 Nf6 6.d4 Be7 7.Nc3 O-O 8.Ne5 h6 
9.Bf4 a6 10.Rc1 Ra7 11.cxd5 exd5 12.Qb3 Ba8 13.Rfd1 Kh7 14.h3 Kg8 15.Kh2 
Kh7 16.g4 Kg8 17.Bg3 Bb7 18.e3 Ba8 19.a3 Bb7 20.f4 Ba8 21.Rd2 Qd6 22.f5 
Qd8 23.Bf4 Bb7 24.Rg1 c6 25.Bf3 Nh7 26.Rc1 Bd6 27.Na4 Bc7 28.Kg3 Nf6 29.h4
Nfd7 30.Nxd7 Nxd7 31.Re2 Re8 32.Kh3 Bxf4 33.exf4 Rxe2 34.Bxe2 Qe7 35.Bf3 
b5 36.Nc5 Bc8 37.Qd3 h5 38.gxh5 Qf6 39.Kg3 Nxc5 40.Rxc5 Bxf5 41.Qc3 Bd7 
42.Qd3 Ra8 43.Rc1 Re8 44.Qc3 c5 45.Qxc5 Qf5 46.Qxd5 Qh3+ 47.Kf2 Qh2+ 48.
Bg2 Qxf4+ 49.Bf3 Bg4 50.Rc3 Qh2+ 51.Bg2 Qxh4+ 52.Kg1 Re1+ 53.Bf1 Bh3 0-1